| 000 | 00358nam a2200133Ia 4500 | ||
|---|---|---|---|
| 008 | 240624s9999 xx 000 0 und d | ||
| 041 | _aeng | ||
| 082 | _a800 SPA | ||
| 100 | _aFITZGERALD SUZANNE SPARKS | ||
| 245 | _aSCHAUM S QUICK GUIDE TO GREAT BUSINESS W | ||
| 260 |
_c2005 _aNew Delhi _bTata McGrawhill |
||
| 300 | _ax, : 160 : p. : cm. ; 21 | ||
| 365 | _cRS | ||
| 999 |
_c3144 _d3144 |
||